000 00645nam a22001937a 4500
005 20260702162007.0
010 _aENG-148974
020 _a9788195293100
_c2495.00
035 _aEN-132506
037 _bDBAD
082 _a294.538
_21
245 _aReligious Journeys in India/
_cEdited By Andrea Marion Pinkney [and] John Whalen Bridge
250 _a1
260 _aDarya Ganj
_bSanctum Books
_c2025
270 _a68 Medical Association Road, Darya Ganj
_bNew Delhi
_e110002
_mvikramjain@sanctumbooks.com
300 _axiii, 323p;
_c24cm(hb)
500 _aPilgrims, Tourists and Travelers
942 _2ddc
_cEN
_h294.538
_mREL
999 _c216843
_d216843